| 000 | 01406cam a2200385 a 4500 | ||
|---|---|---|---|
| 001 | 21769 | ||
| 003 | VRT | ||
| 005 | 20260309142813.0 | ||
| 008 | 240318s1993 xo a c 0000f slo | ||
| 015 | _aSNBA1993/08 | ||
| 020 |
_a8085687003 _q(brož.) |
||
| 035 | _aSNK000015092 | ||
| 039 | 9 |
_a202405301333 _bcsnk01 _c202405301331 _dcsnk01 _c202403181357 _dVLOAD _c201603141607 _dVLOAD |
|
| 040 |
_aSNK _bslo _cSNK _eAACR2 |
||
| 041 | 0 | _aslo | |
| 044 |
_axo _cSK |
||
| 080 |
_a885.4-3(087.5) _21981 |
||
| 100 | 1 |
_aStoličný, Peter, _d1945- _4aut _4ill |
|
| 245 | 1 | 0 |
_aTarzan v Atlantíde _bsci-fi príbeh pre staršie deti _cPeter Stoličný ; ilustrácie a grafická úprava autor |
| 250 | _a[1. vyd.] | ||
| 260 |
_aBratislava _bLibris _c1993 _eBratislava _fOfSETA |
||
| 300 |
_a160 s. _c24 cm |
||
| 500 | _aIlustrácie na titulnej strane | ||
| 655 | 7 |
_aslovenské romány _2SNKPH |
|
| 655 | 7 |
_avedecko-fantastické romány _2SNKPH |
|
| 655 | 7 |
_aliteratúra pre deti a mládež _2SNKPH |
|
| 942 |
_2ddc _cKLDE _n0 |
||
| 949 |
_617A1077410 _asnkSC 84023 D1 _bsnkKSP 5505/93 _onáhrada-originál |
||
| 949 |
_6270001000047194 _asvkbbB 28382 _p584.136 |
||
| 949 |
_64710704347 _astrmkM _bstrmk2008/4347 |
||
| 949 |
_617A1010190 _asnkSC 84023 _bsnkKSP 5504/93 |
||
| 949 |
_6273K0185593 _asvkpoB 62400 _bsvkpo396904 _oPV 340/94 |
||
| 999 |
_c21769 _d21769 |
||